| 000 | 00729 a2200265 4500 | ||
|---|---|---|---|
| 020 | _a0070189935 | ||
| 020 | _a0070212341 | ||
| 020 | _a0070212341 | ||
| 020 | _a0070189935 | ||
| 020 | _a0078427126 | ||
| 040 |
_aDLC _bDLC |
||
| 082 | 0 | 4 | _a621.3 |
| 082 | 0 | 4 | _a621.3 |
| 082 | 0 | 4 | _a621.3 |
| 100 | 1 | _aEdminister, Joseph. | |
| 245 | 1 | 0 |
_aSchaum's outline of theory and problems of electromagnetics _cJoseph A. Edminister. |
| 246 | 3 | 0 | _aTheory and problems of electromagnetics |
| 250 | _a2nd ed. | ||
| 260 |
_aNew York : _bMcGraw-Hill, _cc1993. |
||
| 300 |
_avii, 338 p. : _bill. ; _c28 cm. |
||
| 440 | 0 | _aSchaum's outline series | |
| 500 | _aIncludes index. | ||
| 650 | 0 | _aElectromagnetism. | |
| 942 |
_cBK _k621.3 EDM _2ddc |
||
| 999 |
_c4555 _d4555 |
||